ALL Rammstein, Till Lindemann and Lindemann songs - Statistics

General Stats
  • This quiz has been taken 223 times
    220 since last reset
  • The average score is 96 of 142
Answer Stats
% Correct
Herzeleid
91%
Du hast
90%
Mutter
90%
Sehnsucht
90%
Mein Teil
88%
Rosenrot
88%
Wollt ihr das Bett in Flammen sehen
87%
Amerika
86%
Du riechst so gut
86%
Engel
86%
Rammstein
86%
Reise, Reise
86%
Mein Herz Brennt
85%
Sonne
85%
Liebe ist für alle da
84%
Zunge
84%
Deutschland
83%
Feuer frei!
83%
Klavier
83%
Moskau
83%
Bestrafe mich
82%
Spieluhr
82%
Keine Lust
81%
Seemann
81%
Zeit
81%
Adios
80%
Bück dich
80%
Der Meister
80%
Frau & Mann
80%
Ich will
80%
Links 2 3 4
80%
Skills in Pills
80%
Weisses Fleisch
80%
Asche zu Asche
79%
Ohne dich
79%
Zwitter
79%
Benzin
78%
Radio
78%
Rammlied
78%
Rein raus
78%
Spiel mit mir
78%
Heirate mich
77%
Ich tu dir weh
77%
Küss mich (Fellfrosch)
77%
Laichzeit
77%
Mann gegen Mann
77%
Te quiero puta!
77%
Tier
77%
Dalai Lama
76%
Das alte leid
76%
Nebel
76%
Sex
76%
Adieu
74%
Alter Mann
74%
Ausländer
73%
Dicke Titten
73%
Los
73%
Pussy
73%
Haifisch
72%
Stirb nicht vor mir (Don't die before I do)
72%
Waidmanns Heil
72%
Armee der Tristen
71%
Donaukinder
71%
Eifersucht
71%
Puppe
71%
Roter sand
71%
Amour
70%
Morgenstern
70%
Spring
70%
Weit weg
70%
Zeig dich
70%
Angst
69%
Feuer und wasser
69%
Mein land
69%
Stein um stein
69%
Was ich liebe
69%
Hallomann
68%
Liese
68%
Praise Abort
68%
Zick Zack
68%
Halt
67%
Zerstören
67%
Ein Lied
66%
Schwarz
66%
Wo bist du
66%
Bückstabü
65%
Diamant
65%
Ich hasse Kinder
65%
Meine Tränen
65%
Sport frei
65%
Frühling in Paris
64%
Hilf mir
64%
Kokain
64%
Tattoo
64%
5/4
63%
Fat
63%
Knebel
62%
Lügen
62%
Mehr
62%
Wiener Blut
62%
Platz eins
61%
Steh auf
61%
Altes Fleisch
60%
Golden Shower
60%
Feuerräder
59%
Giftig
59%
Halleluja
59%
Ladyboy
59%
OK
59%
Tanzlehrerin
59%
Allesfresser
57%
Das Modell
57%
Führe mich
56%
Nass
56%
Schweiss
56%
Stripped
56%
Fish on
55%
Ich weiss es nicht
53%
Übers meer
53%
Gib mir deine Augen
52%
Yukon
52%
Alles für die Kinder
51%
Du hast kein Herz
51%
Wilder Wein
50%
Entre dos tierras
49%
Lecker
49%
Ach so gern
48%
Blut
48%
Cowboy
48%
Vergiss uns nicht
47%
Home Sweet Home
46%
Gummi
45%
Mathematik
45%
Selbst verliebt
42%
Alle Tage ist kein Sonntag
38%
G-spot Michael
36%
Children of the Sun
35%
That's My Heart
30%
Schlaf ein
29%
Ach so gern - Pain Version
24%
Wer weiss das schon
23%
Lubimiy gorod
12%
No matching quizzes found
Score Distribution
Percent of People with Each Score
Percentile by Number Answered
Your Score History
You have not taken this quiz since the last reset